01432nam a2200361 a 4500001001200000003000800012006001900020007001500039008004100054010001700095020002900112020002700141040002100168035002100189050002900210082001800239245015600257260005200413300003100465490004000496504005100536533015200587650001900739650002000758650002300778650001900801655002900820700002000849710001700869830004100886856012600927999001701053ebr10682391CaPaEBRm u cr cn|||||||||130321s2013 enkab sb 001 0 eng d z 2012051128 z9780470972021 (hardback) z9780470975824 (e-book) aCaPaEBRcCaPaEBR a(OCoLC)83314760314aTP248.27.P55bA68 2013eb04a333.95/3922300aAqueous pretreatment of plant biomass for biological and chemical conversion to fuels and chemicalsh[electronic resource] /ceditor, Charles E. Wyman. aChichester, West Sussex [U.K.] :bWiley,c2013. axxvi, 538 p. :bill., map.1 aWiley series in renewable resources aIncludes bibliographical references and index. aElectronic reproduction.bPalo Alto, Calif. :cebrary,d2013.nAvailable via World Wide Web.nAccess may be limited to ebrary affiliated libraries. 0aPlant biomass. 0aBiomass energy. 0aBiomass chemicals. 0aBiotechnology. 7aElectronic books.2local1 aWyman, Charles.2 aebrary, Inc. 0aWiley series in renewable resources.40uhttp://site.ebrary.com/lib/rucke/Doc?id=10682391zAn electronic book accessible through the World Wide Web; click to view c13799d13799